Renewable energy (Record no. 109938)

MARC details
000 -LEADER
fixed length control field 01343cad a22002415a 4500
001 - CONTROL NUMBER
control field E148182
008 - FIXED-LENGTH DATA ELEMENTS--GENERAL INFORMATION
fixed length control field 090812s2009 xxk f s000 0 eng d
020 ## - INTERNATIONAL STANDARD BOOK NUMBER
International Standard Book Number 9780755990764
035 ## - SYSTEM CONTROL NUMBER
System control number (Sirsi) u148182
041 0# - LANGUAGE CODE
Language code of text/sound track or separate title eng
050 04 - LIBRARY OF CONGRESS CALL NUMBER
Classification number 333.72 $2 18
110 2# - MAIN ENTRY--CORPORATE NAME
Corporate name or jurisdiction name as entry element Scotland
Subordinate unit Scottish Government
9 (RLIN) 5344
245 00 - TITLE STATEMENT
Title Renewable energy
Remainder of title changes to the Renewables Obligation (Scotland) Order 2009, consultation
Medium [electronic resource]
260 ## - PUBLICATION, DISTRIBUTION, ETC.
Place of publication, distribution, etc. Edinbugh
Name of publisher, distributor, etc. Scottish Government
Date of publication, distribution, etc. 2009
520 ## - SUMMARY, ETC.
Summary, etc. Seeks views on proposed amendments to the Renewables Obligation (Scotland) Order 2009 (RO), which include the extension of the life-time of the RO to at least 2037; the introduction of a 20 year limit on support under the RO; the removal of the 20 ROC/100 MWh renewable electricity limit; the retention of the existing fixed targets until 2015/16, with headroom only after that date; and an increase in the level of headroom from 8% to 10%. Deadline for comments is 29 October 2009.
521 ## - TARGET AUDIENCE NOTE
Target audience note Advanced
590 ## - LOCAL NOTE (RLIN)
Local note KA
650 24 - SUBJECT ADDED ENTRY--TOPICAL TERM
Topical term or geographic name entry element RENEWABLES OBLIGATION (SCOTLAND) ORDER 2009
651 #4 - SUBJECT ADDED ENTRY--GEOGRAPHIC NAME
Geographic name Scotland
Chronological subdivision 1999-
690 ## - LOCAL SUBJECT ADDED ENTRY--TOPICAL TERM (OCLC, RLIN)
Topical term or geographic name as entry element ENVIRONMENTAL AND LAND CONSULTANCY-ENERGY-RENEWABLE ENERGY
856 40 - ELECTRONIC LOCATION AND ACCESS
Uniform Resource Identifier <a href="https://www.scotland.gov.uk/Publications/2009/08/07092158/0">https://www.scotland.gov.uk/Publications/2009/08/07092158/0</a>
Public note View the consultation free of charge at www.scotland.gov.uk...
942 ## - ADDED ENTRY ELEMENTS (KOHA)
Suppress in OPAC 0
Holdings
Withdrawn status Lost status Source of classification or shelving scheme Damaged status Not for loan Home library Current library Shelving location Date acquired Total Checkouts Full call number Barcode Date last seen Copy number Price effective from Koha item type
    Dewey Decimal Classification     Virtual Virtual Online 12/08/2009   ONLINE PUBLICATION 148182-2001 06/08/2019 1 06/08/2019 Book